000 00593nam a2200229Ia 4500
003 OSt
005 20221005114010.0
006 a|||||r|||| 00| 0
007 ta
008 221004b |||||||| |||| 00| 0 tam d
024 _a45595
037 _cTextual
040 _aCRL
_cCRL
_btam
041 _2tam
_atam
082 _a2.73.N5, 31K1
100 _atirumalai Mutthuswami Au.
_9625295
245 0 _aAmerica nool- akangal
260 _c1961
650 _aLIBRARY SCIENCE
942 _h2.73.N5, 31K1
_cTEXL
_2cc
999 _c1029979
_d1029979